<?xml version="1.0" encoding="UTF-8"?>
<record
    xmlns:xsi="http://www.w3.org/2001/XMLSchema-instance"
    xsi:schemaLocation="http://www.loc.gov/MARC21/slim http://www.loc.gov/standards/marcxml/schema/MARC21slim.xsd"
    xmlns="http://www.loc.gov/MARC21/slim">

  <leader>01334nam a2200229 a 4500</leader>
  <controlfield tag="003">DO-SdBNP</controlfield>
  <controlfield tag="005">20250909140439.0</controlfield>
  <controlfield tag="007">ta</controlfield>
  <controlfield tag="008">220830b200?    |||ao||gr|||| 001 e spa d</controlfield>
  <datafield tag="020" ind1=" " ind2=" ">
    <subfield code="a">9789945882070</subfield>
  </datafield>
  <datafield tag="040" ind1=" " ind2=" ">
    <subfield code="a">DO-SdBNP</subfield>
    <subfield code="b">spa</subfield>
    <subfield code="c">BNPHU</subfield>
  </datafield>
  <datafield tag="082" ind1=" " ind2="4">
    <subfield code="2">22</subfield>
    <subfield code="b">D397c</subfield>
  </datafield>
  <datafield tag="110" ind1="2" ind2=" ">
    <subfield code="a">Centro Cultural Eduardo Le&#xF3;n Jimenes</subfield>
    <subfield code="9">56909</subfield>
  </datafield>
  <datafield tag="245" ind1="1" ind2="0">
    <subfield code="a">Duarte:</subfield>
    <subfield code="b">visiones colectivas en espacios vinculados./</subfield>
  </datafield>
  <datafield tag="260" ind1=" " ind2=" ">
    <subfield code="a">[Santiago de los Caballeros]</subfield>
    <subfield code="b">Centro Le&#xF3;n,</subfield>
    <subfield code="c">2013</subfield>
  </datafield>
  <datafield tag="300" ind1=" " ind2=" ">
    <subfield code="a">137 p. :</subfield>
    <subfield code="b">il., forogr. ;</subfield>
    <subfield code="c">25 cm.</subfield>
  </datafield>
  <datafield tag="500" ind1=" " ind2=" ">
    <subfield code="a">Incluye pi&#xE9; de fotos.</subfield>
  </datafield>
  <datafield tag="505" ind1=" " ind2=" ">
    <subfield code="t">Encuentro de la dominicanidad en espacios interrelacionados.-- Dominicans meet in Interlinked Space. / Rafael Emilio.-- Yun&#xE9;n</subfield>
    <subfield code="t">Duarte: Visiones colectivas en esapcios vinculados.-- Duarte: Collective visions, Interlinked Space. / Esteban &#xC1;lvarez.--</subfield>
    <subfield code="t">Decir "Duarte": Memorias y territorios.-- Say "Daurte": Memories and Territory. / Miguel D. Mena.--</subfield>
    <subfield code="t">Con permiso de Duarte.-- With permission from Duarte . / Elvia Ojeda.--</subfield>
    <subfield code="t">Obras de la exposici&#xF3;n.-- Artworsks from the exhibiti&#xF3;n.--</subfield>
    <subfield code="t">En la sala y m&#xE1;s all&#xE1;...-- In the exhibition hall and beyond.../ Luis Felipe Rodr&#xED;guez.-- </subfield>
    <subfield code="t">Biograf&#xED;as de los artistas.-- Artists Biographies.--</subfield>
    <subfield code="t">Cr&#xE9;ditos.-- Credits.--</subfield>
  </datafield>
  <datafield tag="600" ind1="1" ind2="0">
    <subfield code="a">Duarte, Juan Pablo,   </subfield>
    <subfield code="d">1813-1876</subfield>
    <subfield code="9">1494</subfield>
  </datafield>
  <datafield tag="910" ind1=" " ind2=" ">
    <subfield code="a">MFeliz</subfield>
  </datafield>
  <datafield tag="942" ind1=" " ind2=" ">
    <subfield code="2">ddc</subfield>
    <subfield code="c">LBS1</subfield>
  </datafield>
  <datafield tag="952" ind1=" " ind2=" ">
    <subfield code="0">0</subfield>
    <subfield code="1">0</subfield>
    <subfield code="2">ddc</subfield>
    <subfield code="5">1</subfield>
    <subfield code="7">0</subfield>
    <subfield code="8">PD</subfield>
    <subfield code="a">BNPHU</subfield>
    <subfield code="b">BNPHU</subfield>
    <subfield code="c">CT</subfield>
    <subfield code="d">2021-12-16</subfield>
    <subfield code="e">Dep&#xF3;sito legal / Centro Le&#xF3;n</subfield>
    <subfield code="l">0</subfield>
    <subfield code="o">D397c</subfield>
    <subfield code="p">2022-3836</subfield>
    <subfield code="r">2022-08-30</subfield>
    <subfield code="w">2022-08-30</subfield>
    <subfield code="y">LBS1</subfield>
  </datafield>
  <datafield tag="952" ind1=" " ind2=" ">
    <subfield code="0">0</subfield>
    <subfield code="1">0</subfield>
    <subfield code="2">ddc</subfield>
    <subfield code="5">1</subfield>
    <subfield code="7">0</subfield>
    <subfield code="8">PD</subfield>
    <subfield code="a">BNPHU</subfield>
    <subfield code="b">BNPHU</subfield>
    <subfield code="c">CT</subfield>
    <subfield code="d">2021-12-16</subfield>
    <subfield code="e">Dep&#xF3;sito legal / Centro Le&#xF3;n</subfield>
    <subfield code="l">0</subfield>
    <subfield code="o">D397c</subfield>
    <subfield code="p">2022-3837</subfield>
    <subfield code="r">2022-08-30</subfield>
    <subfield code="t">e.2</subfield>
    <subfield code="w">2022-08-30</subfield>
    <subfield code="y">LBS1</subfield>
  </datafield>
  <datafield tag="952" ind1=" " ind2=" ">
    <subfield code="0">0</subfield>
    <subfield code="1">0</subfield>
    <subfield code="2">ddc</subfield>
    <subfield code="5">6</subfield>
    <subfield code="7">0</subfield>
    <subfield code="8">DS</subfield>
    <subfield code="a">BNPHU</subfield>
    <subfield code="b">BNPHU</subfield>
    <subfield code="c">CT</subfield>
    <subfield code="d">2021-12-16</subfield>
    <subfield code="e">Dep&#xF3;sito legal / Centro Le&#xF3;n</subfield>
    <subfield code="l">0</subfield>
    <subfield code="o">D397c</subfield>
    <subfield code="p">2022-3838</subfield>
    <subfield code="r">2022-08-30</subfield>
    <subfield code="t">e.3</subfield>
    <subfield code="w">2022-08-30</subfield>
    <subfield code="y">LBS1</subfield>
  </datafield>
  <datafield tag="999" ind1=" " ind2=" ">
    <subfield code="c">52337</subfield>
    <subfield code="d">52337</subfield>
  </datafield>
</record>
